Methods of test for natural rubber. Part 9. Determination of solvent extract. NR: 10 (First Revision) (Record no. 73717)

MARC details
000 -LEADER
fixed length control field 00432nam a2200121Ia 4500
245 #0 - TITLE STATEMENT
Title Methods of test for natural rubber. Part 9. Determination of solvent extract. NR: 10 (First Revision)
260 ## - PUBLICATION, DISTRIBUTION, ETC. (IMPRINT)
Place of publication New Delhi
260 ## - PUBLICATION, DISTRIBUTION, ETC. (IMPRINT)
Year of publication 1989
Name of publisher Bureau of Indian Standards
500 ## - GENERAL NOTE
General note Standard number: IS 3660 (Part 9)
650 ## - SUBJECT ADDED ENTRY--TOPICAL TERM
Topical Term Natural rubber, solvent extract determination
942 ## - ADDED ENTRY ELEMENTS (KOHA)
Koha item type Standards
Holdings
Withdrawn status Lost status Damaged status Not for loan Home library Current library Date acquired Koha item type
      Standards RRII Library RRII Library 31/12/2021 Standards